000
00299nam a2200109Ia 4500
008
171211s9999 xx 000 0 und d
245
_a
Sexuality (Key Ideas) (2nd edition)
245
_c
Jeffrey Weeks
260
_c
2016
650
_x
Sexuality
856
_u
http://down.ebook777.com/065/0794603963.pdf
999
_c
350797
_d
350797